| 000 | 00743nam a22002297a 4500 | ||
|---|---|---|---|
| 999 |
_c15113 _d15113 |
||
| 003 | AR-CdUCM | ||
| 008 | 190425b ||||| |||| 00| 0 spa d | ||
| 020 | _a978-0-7180-3310-1 | ||
| 040 |
_aMUNICIPALIDAD PROVINCIAL DEL CUSCO _cBIBLIOTECA MUNICIPAL DEL CUSCO |
||
| 082 |
_aPI / 376.1 / _bG84 |
||
| 110 |
_aMake believe ideas _934138 |
||
| 245 |
_aPuedo dibujar : _bhace que dibujar sea facil y divertido / |
||
| 260 |
_aChina : _bMake believe ideas, _c2015. |
||
| 300 |
_bIlustraciones, graficos, dibujos _c27 cm. |
||
| 500 | _aTexto educativo para niƱos | ||
| 650 |
_aTexto _9816 |
||
| 650 |
_aEducativo _927921 |
||
| 650 |
_aDibujo _913086 |
||
| 650 |
_aCuaderno de trabajo _911620 |
||
| 942 |
_2ddc _cLIBROS |
||
| 945 |
_apjha _d2019-04-25 |
||